005390000a220010900045001000023000002450056000233000039000795000183001185200081003016500031003827730016004131 aRojo, Cíntia, F.10aCapacitación en primeros auxilios en las escuelas aVol.0, núm.75 (2008), Página 5 aEn julio de 2007 un grupo de voluntarios de varis iglesias bautistas de Sao Paulo, Brasil, Viajó a Paraguay para apoyar el trabajo de PEPE (Programa de Educación Preescolar.) aCapacitación de primeros auxilios para profesores de colegios en Paraguay.14aPRIMEROS AUXILIOS-COLEGIOS0 tPaso a Paso